000 01103nam0a2200325 4500
001 RU\NLR\b_ik\197088
005 20260406012534.0
010 _a978-5-9903647-1-4
021 _aRU
_b2012-1837
_9234и
035 _a(NLR Aleph) 002269481
090 _a3930436
_c3930436
100 _a20120906d2012 |||y0rusy50 ca
101 0 _aeng
102 _aRU
105 _aa |||||||||
200 1 _aSaint Petersburg
_e[an album
_ftext by Valentina Afanasieva
_ged. by Igor Troshkov]
210 _a[S.l.]
_cFreshMedia
_d2012
215 _a749 с.
_cцв. ил.
_d7
225 1 _aCityInCube
300 _aЗагл. обл.: St. Petersburg
512 1 _aSt. Petersburg
541 0 _aСанкт-Петербург: альбом
_zrus
607 _aСанкт-Петербург, город
_jФотоальбомы
_91114348
_3RU\NLR\AUTH\66440586
686 1 _aТ3(2-2СПб)я6
702 1 _4570
_8rus
_7ba
_aAfanas'eva
_bV.
_cочеркист
_gValentina
_3RU\NLR\AUTH\77118046
_9100971
702 1 _aTroškov
_bI.
_gIgor'
_4340
801 0 _aRU
_bNLR
_c20120906
_gRCR
942 _cBOOK
980 _aNB